000 00483nam a2200169Ia 4500
008 220216s9999 xx 000 0 und d
100 _aPorfyrakis K
245 0 _aMesoscale modelling of processing rubber-toughened acrylic polymers
260 _bPlastics, Rubbers and Composites
_c2004
300 _a223-232
650 _aElongation
650 _aModelling
650 _aRTPMMA
650 _aRubber-toughened poly(methyl methacrylate)
700 _aAssender H E
942 _cJS
999 _c62835
_d62835